|
|
|
|
| LEADER |
01777nam a2200325 a 4500 |
| 001 |
GR-Patra18154 |
| 008 |
041118s gr e 000 0 gre d |
| 020 |
|
|
|a 9602093021
|
| 040 |
|
|
|a GrPaTEI
|b gre
|c GR-PaULI
|
| 040 |
|
|
|a GrPaTEI
|b gre
|c GR-PaULI
|
| 082 |
|
0 |
|a 624.17
|2 21
|
| 100 |
1 |
|
|a Λιβιεράτος, Σπύρος Π.
|
| 245 |
1 |
2 |
|a Ο υπολογισμός χωρικών κατασκευών και τα μυστικά ενός προγράμματος /
|c Σπύρου Π. Λιβιεράτου, Δημήτρη Κ. Χαραμιδόπουλου.
|
| 260 |
|
|
|a [χ.τ.] :
|b LH Λογισμική,
|c c1996
|
| 300 |
|
|
|a 758σ.
|
| 500 |
|
|
|a Τμήμα Ανακαίνισης και Αποκατάστασης Κτιρίων: 26882-26883
|
| 504 |
|
|
|a Βιβλιογραφία: σ.741-746
|
| 610 |
2 |
4 |
|a Τμήμα Ανακαίνισης και Αποκατάστασης Κτιρίων
|
| 650 |
|
0 |
|a FESPA
|
| 650 |
|
4 |
|a Ηλεκτρονικοί υπολογιστές
|x Προγράμμματα (FESPA)
|
| 650 |
|
4 |
|a ΚΤΙΡΙΑΚΕΣ ΚΑΤΑΣΚΕΥΕΣ
|
| 650 |
|
4 |
|a ΠΟΛΙΤΙΚΗ ΜΗΧΑΝΙΚΗ
|
| 650 |
|
4 |
|a ΣΤΑΤΙΚΗ ΜΕΛΕΤΗ
|
| 650 |
|
4 |
|a ΤΕΧΝΙΚΗ ΜΗΧΑΝΙΚΗ-ΣΤΑΤΙΚΗ
|
| 700 |
1 |
|
|a Χαραμιδόπουλος, Δημήτρης Κ.
|
| 942 |
|
|
|2 ddc
|
| 952 |
|
|
|0 0
|1 0
|2 ddc
|4 0
|6 624_170000000000000_ΛΙΒ
|7 0
|9 298251
|a LISK
|b LISK
|c BSC
|d 2021-01-17
|e 24
|f 0
|g 0.00
|l 0
|o 624.17 ΛΙΒ
|p 92410026882
|r 2021-01-17 00:00:00
|t 1
|w 2021-01-17
|y BK15
|x 20041118 0 1
|x GrPaTEI
|
| 952 |
|
|
|0 0
|1 0
|2 ddc
|4 0
|6 624_170000000000000_ΛΙΒ
|7 0
|9 298252
|a LISK
|b LISK
|c BSC
|d 2021-01-17
|e 24
|f 0
|g 0.00
|l 0
|o 624.17 ΛΙΒ
|p 92410026883
|r 2021-01-17 00:00:00
|t 1
|w 2021-01-17
|y BK15
|x 20041118 0 1
|x GrPaTEI
|
| 971 |
|
|
|a .b26656693
|b 16-04-20
|c 23-09-16
|
| 999 |
|
|
|c 173558
|d 173558
|